Ovinotecnia : tomo 2 /

Guardado en:
Autor Principal: Helman, Mauricio B.
Formato: Libro
Publicado: Buenos Aires : El Ateneo, 1965
Edición:2a. ed.
Materias:
Etiquetas: Agregar Etiqueta
Sin Etiquetas, Sea el primero en etiquetar este registro!
LEADER 01150nam a22002415a 4500
001 CEM.cems015920
008 130507s1965##################000#0#####d
005 20210826182233.0
003 CEMS
245 1 0 |a Ovinotecnia :  |b tomo 2 /  |c Mauricio B. Helman 
250 |a 2a. ed. 
260 |a Buenos Aires :  |b El Ateneo,  |c 1965 
300 |a 680 p. 
505 0 |a Crianza, mejora, manejo y administración -- Los ovinos en el mundo -- Difusión, área geográfica e importancia -- Los ovinos en la República Argentina -- Zonas de explotación -- Crianza del ganado ovino -- Sistemas de explotación -- Reproducción -- Herencia -- Métodos de procreación y mejora -- Manejo y cuidado -- Operaciones de corderos y adultos -- Esquila y preparación de vellones -- Alimentación -- Enfermedades -- Administración 
100 1 |a Helman, Mauricio B. 
082 0 4 |a 636.3 
653 |a Ovinos 
653 |a Ovinos-crianza 
653 |a Ovinos-mejora 
653 |a Ovinos-manejo 
653 |a Avinos-administración 
859 |a CEMS  |b BIB. CEMS - Agricultura  |h 636.3  |i H369a2  |p A4994.76  |t Ej.1  |v 2  |3 2 
859 |a CEMS  |b BIB. CEMS - Agricultura  |h 636.3  |i H369a2  |p A1681.12  |t Ej.2  |v 2  |3 2